000 00550nam a2200181 i 4500
001 71677
003 ES-MaACL
005 20230906171209.0
007 t|
008 040817s1961 sp ||||1| spa d
100 0 _aGerin-Ricard, L. de.
_956453
245 1 0 _aHistoria del ocultismo /
_cL. de Gerin-Ricard ; [versión española de Sylvia Suárez].
260 _aBarcelona :
_bCaralt,
_c[1961]
300 _a344 p. ;
_c24 cm.
650 4 _aOcultismo-
_vHistoria.
_9149391
700 1 _aSuárez, Sylvia.
_9108582
852 _aES-MaACL
_jB-5033
_bR.47991
999 _c71677
_d71677